| 000 | 00670cam a2200169 4500 | ||
|---|---|---|---|
| 082 |
_a940.27 _bHOR |
||
| 100 | 1 |
_aHorsetzky, Adolf von, _950637 |
|
| 245 | 0 | 2 |
_aA short history of the chief campaigns in Europe since 1792, _cby General A. von Horsetzky, tr. by Lieut. K. B. Ferguson. |
| 260 |
_aLondon, _bJ. Murray, _c1909. |
||
| 300 |
_axiii, 501 p. _bmaps (part fold.) _c23 cm. |
||
| 500 | _aIncludes index. | ||
| 500 | _aTranslation of Kriegsgeschichtliche Übersicht der wichtigsten Feldzüge seit 1792. | ||
| 526 |
_a0 _b0 _c0 _d940_270000000000000_HOR |
||
| 650 | 0 |
_aMilitary history, Modern. _936714 |
|
| 700 | 1 |
_aFerguson, Kenneth Bethune, _950638 |
|
| 942 |
_2ddc _cBK |
||
| 999 |
_c553390 _d553390 |
||